000 00766cam a22001934a 4500
005 20250605164127.0
008 250528s ||||||||||||||||||||||||d
035 _a18504
020 _a29463637
040 _aGR-AtMCL
_bgre
_dGR-AtMCL
_eAACR2
245 1 _aElementary Linear Algebra / Fifth Edition
260 _bMaxwell Macmilan Intertnational Editions,
_c1991
300 _a490
520 _aLinear Equations and Matrices, Real Vector Spaces, Inner Product Spaces, Linear Transformations and Matrices, Determinants, Eigenvalues and Eigenvectors, Differential Equations, Appendix A: Preliminaries, Appendix B: Complex Numbers, Answers to Odd-Numbered Exercises, Index.
700 1 _aKolman Bernard
_93555
942 _cBK
999 _c3862
_d3862